Statistiken für Alle Teilnehmer der UEFA Champions League (Aller Zeiten)

Klicken Sie hier um das Quiz zu spielen!

Allgemein

  • Dieses Quiz wurde 2.724 mal gespielt
    (1.934 seit der letzten Aktualisierung)
  • Das Durchschnittsergebnis liegt bei 81 aus 171

Antwortstatistiken

LandTeilnahmenVerein% Korrekt
Spanien27Real Madrid
98%
Spanien28FC Barcelona
97%
Deutschland26FC Bayern München
96%
Deutschland17Borussia Dortmund
95%
Spanien13Atletico Madrid
94%
England12Manchester City
94%
England25Manchester United
94%
Niederlande18Ajax Amsterdam
91%
Portugal17Benfica Lissabon
91%
England19Chelsea London
91%
England15FC Liverpool
91%
Italien19AC Mailand
90%
Portugal2Boavista Porto
90%
Portugal26FC Porto
90%
Italien16Inter Mailand
90%
Italien23Juventus Turin
90%
Frankreich15Paris Saint-Germain
90%
England19Arsenal London
89%
Österreich4Red Bull Salzburg
88%
Portugal10Sporting Lissabon
88%
Deutschland13Bayer Leverkusen
87%
Deutschland8FC Schalke 04
87%
Deutschland2Hamburger SV
87%
Spanien1Betis Sevilla
86%
Deutschland5RB Leipzig
86%
Spanien8FC Sevilla
85%
Italien6Lazio Rom
85%
Italien11AS Rom
84%
Frankreich11Olympique Marseille
83%
Frankreich16Olympique Lyon
82%
England6Tottenham Hotspur
81%
Niederlande16PSV Eindhoven
80%
Deutschland7Werder Bremen
80%
Schweiz2BSC Young Boys Bern
79%
Griechenland7AEK Athen
78%
Niederlande6Feyenoord Rotterdam
77%
Deutschland3Borussia Mönchengladbach
76%
Dänemark6FC Kopenhagen
76%
Tschechien8Sparta Prag
76%
Schottland11Celtic Glasgow
75%
Österreich3Austria Wien
74%
Kroatien9Dinamo Zagreb
74%
Spanien12FC Valencia
74%
Türkei16Galatasaray Istanbul
74%
Schottland12Glasgow Rangers
74%
Österreich2Rapid Wien
73%
Deutschland3VFL Wolfsburg
73%
Ukraine19Dynamo Kiew
72%
Deutschland1Eintracht Frankfurt
72%
Deutschland1Hertha BSC Berlin
71%
Griechenland9Panathinaikos Athen
71%
Italien7SSC Neapel
71%
Deutschland4VFB Stuttgart
71%
Türkei9Besiktas Istanbul
68%
Belgien10Club Brügge
67%
Tschechien2Slavia Prag
67%
Schweiz2Grashopper Club Zürich
66%
Schweiz1FC Zürich
65%
Serbien2Roter Stern Belgrad
64%
Schweiz8FC Basel
63%
Ungarn2Ferencvaros Budapest
63%
Polen2Legia Warschau
63%
Frankreich9AS Monaco
62%
Spanien4FC Villareal
62%
Polen2Lech Posen
60%
Rumänien8Steaua Bukarest
59%
Deutschland1TSG 1899 Hoffenheim
58%
Russland9Zenit St. Petersburg
58%
Türkei5Fenerbahce Istanbul
56%
Ukraine17Schachtar Donezk
56%
Finnland2HJK Helsinki
55%
England1Leicester City
55%
Frankreich7OSC Lille
55%
Italien3Atalanta Bergamo
54%
Spanien2Athletic Bilbao
54%
Schweden3Malmö FF
54%
Griechenland20Olympiakos Piräus
54%
Serbien2Partizan Belgrad
54%
Deutschland11. FC Kaiserslautern
52%
Rumänien1Dinamo Bukarest
51%
Zypern5APOEL Nikosia
50%
Ungarn1Honved Budapest
50%
Spanien2Real Sociedad San Sebastian
50%
Portugal2SC Braga
50%
Russland12ZSKA Moskau
50%
Bulgarien2Levski Sofia
49%
Belgien12RSC Anderlecht
49%
England2Newcastle United
47%
Bulgarien1ZSKA Sofia
47%
Weißrussland1Dinamo Minsk
46%
Israel1Hapoel Tel Aviv
45%
Belgien3KRC Genk
43%
Italien3AC Florenz
42%
Spanien1FC Malaga
42%
Belgien1KAA Gent
42%
Israel3Maccabi Tel Aviv
42%
Russland6Lokomotive Moskau
40%
Kroatien1Hajduk Split
39%
Slowakei1Slovan Bratislava
39%
Österreich1SV Austria Salzburg
39%
Tschechien4Viktoria Pilsen
39%
Österreich3SK Sturm Graz
38%
Frankreich4FC Girondins Bordeaux
37%
Russland12Spartak Moskau
37%
Lettland2FC Skonto Riga
36%
Israel3Maccabi Haifa
36%
Niederlande1AZ Alkmaar
34%
Frankreich2RC Lens
34%
Frankreich1Stade Rennes
34%
Spanien5Deportivo La Coruna
33%
Frankreich2FC Nantes
32%
England2Leeds United
32%
Norwegen12Rosenborg Trondheim
32%
Türkei1Trabzonspor
31%
Moldawien1Sheriff Tiraspol
29%
Luxemburg1Union Luxemburg
29%
Frankreich1HSC Montpellier
28%
Spanien1RCD Mallorca
28%
Belgien1Standard Lüttich
28%
Niederlande1Twente Enschede
28%
Dänemark1Bröndby IF
26%
Italien1Parma Calcio
26%
Italien1Udinese Calcio
26%
Türkei1Basaksehir
25%
Schweden4IFK Göteborg
25%
Kasachstan1FC Astana
24%
Island1Vikingur Reykjavik
24%
Litauen1Zalgiris Vilnius
23%
Israel1Beitar Jerusalem
22%
Rumänien3CFR Cluj
22%
Slowenien1Olimpija Ljubljana
22%
Weißrussland5BATE Borisov
21%
Spanien1Celta Vigo
20%
England1Blackburn Rovers
18%
Norwegen1Molde FK
17%
Russland2Rubin Kasan
17%
Slowenien3NK Maribor
16%
Dänemark2Aalborg BK
14%
Aserbaidschan1Qarabag Agdam
14%
Russland1FK Krasnodar
13%
Türkei1Bursaspor
12%
Schweiz1FS Sion
12%
Frankreich3AJ Auxerre
11%
Schweiz1FC Thun
11%
Russland1FK Rostow
11%
Niederlande1SC Heerenveen
11%
Irland1Cork City FC
9%
Dänemark1FC Midtjylland
9%
Bulgarien2Ludogorets Razgrad
9%
Schweden2AIK Solna
8%
Dänemark1FC Nordsjaelland
8%
Niederlande1Willem II Tilburg
7%
Ungarn1Debreceni VSC
6%
Polen1Widzew Lodz
6%
Zypern1Anorthosis Famagusta
5%
Schweiz1FC Aarau
4%
Belgien1Lierse SK
4%
Nordirland1Linfield FC
4%
Norwegen1Viking Stavanger
4%
Slowakei11. FC Kosice
3%
Slowakei1MSK Zilina
3%
Rumänien1Otelul Galati
3%
Nordirland1Glentoran FC
2%
Schweden1Helsingborgs IF
2%
Island1IA Akranes
2%
Dänemark1Lyngby BK
2%
Rumänien1Unirea Urziceni
2%
Finnland1FC Kuusysi
1%
Slowakei1FC Petrzalka
1%
Malta1Floriana FC
1%
Ukraine1SK Tavriya Simferopol
1%

Verteilung der Resultate

Perzentil nach korrekt beantworteten Fragen

Anzahl Personen mit jedem Resultat

Ihre Resultats-Entwicklung

Sie haben dieses Quiz seit der letzten Aktualisierung nicht gespielt